River water sharing : (Record no. 38637)
[ view plain ]
| 000 -LEADER | |
|---|---|
| fixed length control field | 00993nam a22002657a 4500 |
| 010 ## - LCCN (DPL NO) | |
| LC control number | ENG-97741 |
| 020 ## - INTERNATIONAL STANDARD BOOK NUMBER | |
| International Standard Book Number | 9780415551557 |
| Terms of availability | 595.00 |
| 035 ## - SYSTEM CONTROL NUMBER | |
| System control number | EN-81274 |
| 035 ## - SYSTEM CONTROL NUMBER | |
| System control number | B-441081 |
| 037 ## - SOURCE OF ACQUISITION | |
| Source of stock number/acquisition | DBAD/PUB |
| 037 ## - SOURCE OF ACQUISITION | |
| Source of stock number/acquisition | Allied Publishers |
| 082 ## - DEWEY DECIMAL CLASSIFICATION NUMBER | |
| Classification number | 333 |
| 245 ## - TITLE STATEMENT | |
| Title | River water sharing : |
| Remainder of title | transboundary conflict and cooperation in India / |
| Statement of responsibility, etc | edited by N. Shanta Mohan, Sailen Routray [and] N. Sashikumar |
| 260 ## - PUBLICATION, DISTRIBUTION, ETC. (IMPRINT) | |
| Place of publication, distribution, etc | New Delhi |
| Name of publisher, distributor, etc | Routledge Taylor and Francis Group |
| Date of publication, distribution, etc | 2010 |
| 270 ## - ADDRESS | |
| Address | 912 Tolstoy House, 15-17 Tolstoy Marg |
| City | New Delhi |
| Postal code | 110001 |
| 300 ## - PHYSICAL DESCRIPTION | |
| Extent | xi, 192p. |
| Dimensions | 22cm (Hb) |
| 500 ## - GENERAL NOTE | |
| General note | Includes index |
| 650 ## - SUBJECT ADDED ENTRY--TOPICAL TERM | |
| Topical term or geographic name as entry element | Water resource development |
| 650 ## - SUBJECT ADDED ENTRY--TOPICAL TERM | |
| Topical term or geographic name as entry element | Water supply- Political aspect |
| 700 ## - ADDED ENTRY--PERSONAL NAME | |
| Personal name | Mohan N. Shantha |
| 9 (RLIN) | 4144 |
| 700 ## - ADDED ENTRY--PERSONAL NAME | |
| Personal name | Routray, Sailen |
| 9 (RLIN) | 4145 |
| 700 ## - ADDED ENTRY--PERSONAL NAME | |
| Personal name | Sashikumar, N |
| 9 (RLIN) | 4146 |
| 942 ## - ADDED ENTRY ELEMENTS (KOHA) | |
| Source of classification or shelving scheme | Dewey Decimal Classification |
| Item type | English Books |
| Classification part | 333 |
| Call number suffix | RIV |
| Withdrawn status | Lost status | Not for loan | Collection code | Home library | Current library | Date acquired | Source of acquisition | Cost, normal purchase price | Full call number | Barcode | Copy number | Cost, replacement price | Koha item type |
|---|---|---|---|---|---|---|---|---|---|---|---|---|---|
| Not For Loan | Non-fiction | D.B.Act.Division | D.B.Act.Division | 02/08/2010 | DBAD/PUB | 595.00 | 333 RIV | EN-81274 | 1 | 595.00 | English Books | ||
| Non-fiction | Shahdara Branch | Shahdara Branch | 26/07/2011 | Allied Publishers/CR/0000396/30.5.11/282/14.3.11/9.6.11 | 595.00 | 333 RIV | B-441081 | 1 | 595.00 | English Books |
